Statistics for Wheel of Time Trivia 2

Click here to take the quiz!

General Stats

  • This quiz has been taken 180 times
  • The average score is 10 of 15

Answer Stats

HintAnswer% Correct
Ajah responsible for seeking noble causesBlue
94%
Destructive weave that erases threads in the patternBalefire
91%
Title of the ruler of MayeneFirst
90%
First man healed from gentlingLogain Ablar
87%
Daughter of the Nine MoonsTuon
83%
Lan Mandragoran's rank after the Last BattleKing
81%
Moiraine Damodred's pillow friendSiuan Sanche
80%
Strongest Aes Sedai in the Last BattleNynaeve al'Meara
77%
Elaida's talentForetelling
70%
Forsaken skilled in mind problemsGraendal
68%
Fortress in AmadorFortress of Light
58%
Counter-weave for the aboveFlame of Tar Valon
49%
Ruling house of AltaraMitsobar
28%
Discoverer of ForkrootRonde Macura
19%
Deane Aryman's hometownSalidar
18%

Score Distribution

Percentile by Number Answered

Percent of People with Each Score

Your Score History

You have not taken this quiz